| 000 | 00961nam0a22002651 4500 | ||
|---|---|---|---|
| 001 | rc\544309 | ||
| 005 | 20250621124813.0 | ||
| 010 |
_a5-420-00068-7 _9500 |
||
| 035 | _a(NLR Aleph) 005780849 | ||
| 090 |
_a5113265 _c5113265 |
||
| 100 | _a20030616d1988 |||y0rusy50 ca | ||
| 101 | 0 | _arus | |
| 102 | _aRU | ||
| 105 | _aa ||||||||| | ||
| 200 | 1 |
_aУсталостные свойства текстильных материалов _fС.-В.И. Юркевичюс _gНауч. ред. В. Милашюс и др. |
|
| 210 |
_aВильнюс _cМокслас _d1988 |
||
| 215 |
_a172, [1] с. _cил. _d22 |
||
| 300 | _aРез.: англ. | ||
| 320 | _aСписок изобрет. с участием С.-В.И. Юркевичюса: с. 169-170 | ||
| 700 | 1 |
_aЮркевичюс _bС.В.И. _gСтанисловас Витаутас Иозович |
|
| 801 | 0 |
_aRU _bNLR _gpsbo |
|
| 801 | 1 |
_aRU _bELAR _2rusmarc |
|
| 852 |
_aNLR _j88-5/2799 |
||
| 942 | _cBOOK | ||
| 980 | _aNB | ||